=LDR 00000nam 2200000 4500 =001 INLIS000000000013257 =005 20130612104659 =008 ***********************************Ind** =035 ##$$0010-061300000013257 =041 ##$$a Ind =082 ##$$a 507.24 =090 ##$$a 507.24, Moo h =100 ##$$a Moorman, Tom =245 ##$$a How to make your science project scientific, Tom Moorman =260 ##$$a 2002 $b Bandung =300 ##$$a 104 hlm, ilus, 24 cm =650 ##$$a Sains - Eksperimen =850 ##$$a NBPNMAT